Teorie a praxe totalitních a autoritativních režimů

Uložené v:
Podrobná bibliografia
Hlavný autor: Balík, Stanislav
Ďalší autori: Kubát, Michal
Médium: Kniha
Jazyk:Czech
Vydavateľské údaje: Praha Dokořán 2004
Edícia:Bod
Predmet:
Tagy: Pridať tag
Žiadne tagy, Buďte prvý, kto otaguje tento záznam!

MARC

LEADER 00000nam$a2200000$$$4500
001 0044678
005 20240306141705.8
020 |a 80-86569-89-6 
041 0 |a cze 
044 |a CZ 
245 1 0 |a Teorie a praxe totalitních a autoritativních režimů  |c Stanislav Balík, Michal Kubát 
264 1 |a Praha  |b Dokořán  |c 2004 
300 |a 167 s. 
490 1 |a Bod 
830 0 |a Bod 
610 2 0 |a politológia 
610 2 0 |a politika 
610 2 0 |a systémy politické 
610 2 0 |a teória a prax 
610 2 0 |a história 
610 2 0 |a teórie politické 
610 2 0 |a pojmy 
610 2 0 |a totalitarizmus 
100 1 |a Balík, Stanislav 
700 1 |a Kubát, Michal